[Event "Konakovo Rating 2nd"]
[Site "Konakovo"]
[Date "2009.07.23"]
[Round "5"]
[White "Baruishnikov, Valeriy"]
[Black "Poluhovich, Igor"]
[Result "1-0"]
[WhiteElo "2081"]
[BlackElo "1962"]
[PlyCount "67"]
[EventDate "2009.07.19"]
[EventType "tourn"]
[EventRounds "9"]
[EventCountry "RUS"]
[SourceTitle "EXT 2022"]
[Source "ChessBase"]
[SourceDate "2021.10.06"]
[SourceVersion "1"]
[SourceVersionDate "2021.10.06"]
[SourceQuality "1"]

1. d4 d5 2. Bf4 e6 3. e3 f5 4. c4 Nf6 5. Nc3 c6 6. Bd3 Ne4 7. f3 Qh4+ 8. g3 Nxc3 9. bxc3 Qh5 10. g4 fxg4 11. fxg4 Qf7 12. Nf3 Be7 13. Ne5 Bh4+ 14. Bg3 Bxg3+ 15. hxg3 Qe7 16. 0-0 Nd7 17. Rf7 Qg5 18. Qf3 Nxe5 19. dxe5 Bd7 20. Rf1 0-0-0 21. Qf4 h6 22. cxd5 cxd5 23. Qd4 Kb8 24. Kg2 h5 25. Qf4 Qxg4 26. Qxg4 hxg4 27. Rxg7 Rh5 28. Rff7 Bc8 29. Rxg4 Rxe5 30. Kf3 Rh5 31. Rgg7 Rh2 32. Be2 Rh1 33. g4 Ra1 34. g5 1-0

[Event "Konakovo Rating 2nd"]
[Site "Konakovo"]
[Date "2009.07.22"]
[Round "4"]
[White "Dzera, Evgeniy"]
[Black "Baruishnikov, Valeriy"]
[Result "1-0"]
[WhiteElo "2187"]
[BlackElo "2081"]
[PlyCount "79"]
[EventDate "2009.07.19"]
[EventType "tourn"]
[EventRounds "9"]
[EventCountry "RUS"]
[SourceTitle "EXT 2022"]
[Source "ChessBase"]
[SourceDate "2021.10.06"]
[SourceVersion "1"]
[SourceVersionDate "2021.10.06"]
[SourceQuality "1"]

1. c4 e5 2. g3 d6 3. Bg2 c6 4. Nc3 Be7 5. d3 Nf6 6. Nf3 0-0 7. 0-0 Nbd7 8. Nd2 Re8 9. Rb1 Nf8 10. b4 Bd7 11. a4 Qc8 12. Re1 Bh3 13. Bh1 Ng6 14. e3 Rb8 15. Ba3 Qf5 16. Qe2 Bf8 17. f3 h5 18. Nd1 Qd7 19. Nf2 Be6 20. h4 d5 21. c5 b6 22. Bg2 bxc5 23. bxc5 Qc7 24. Bb4 a5 25. Ba3 Nd7 26. Rxb8 Rxb8 27. Rc1 Ne7 28. Kh2 Nf5 29. Bh3 Qa7 30. Bxf5 Bxf5 31. e4 Be6 32. exd5 cxd5 33. d4 exd4 34. Nd3 Rc8 35. Qf2 Nb8 36. Qxd4 Nc6 37. Qe3 Qc7 38. Nf4 Re8 39. Re1 Ne7 40. Nxe6 1-0